• 首页
  • 本馆介绍
  • 公告通知
  • 最新文献
  • 馆藏检索
  • 电子资源
  • 读者导购
  • 参考咨询
  • 我的图书馆
  • 登录
  • 详细信息显示
  • 放入我的书架
  • 预约/预借图书
  • 作者相关作品
  • 分类相关作品
  • 丛书相关作品
  • 出版社相关作品

书目信息

  • 表格格式
  • 工作单格式
  • 卡片格式
题名:
动物毒素与有害植物
    
 
作者: 孙友富 编写
分册:  
出版信息: 北京   化学工业出版社  2000.05
页数: 167页
开本: 32开
丛书名: 生活环境中有害因素防护丛书
单 册:
中图分类: R595
科图分类:
主题词: 有害动物--有害物质中毒 , 有害植物--有害物质中毒--防护
电子资源:
ISBN: 7-5025-2791-5
000 00708nam0 2200229 45
001 0111191030
005 20031219104051.6
010    @a7-5025-2791-5@dCNY10.00
100    @a20011119d2000 km y0chiy0120 ea
101 0  @achi
105    @a z 000yy
200 1  @a动物毒素与有害植物@ADong Wu Du Su Yu You Hai Zhi Wu@f孙友富等编写@FSun You Fu Deng Bian Xie
210    @a北京@c化学工业出版社@d2000.05
215    @a167页@d32开
225    @a生活环境中有害因素防护丛书
410    @12001 @a生活环境中有害因素防护丛书
606 0  @a有害动物@x有害物质中毒
606 0  @a有害植物@x有害物质中毒@x防护
690    @aR595@v4
701    @a孙友富@4编写
801    @aCN@bTSTC@c20011119
905    @f6@b300838-843@dR595@e57
    
    动物毒素与有害植物/孙友富等编写.-北京:化学工业出版社,2000.05
    167页;32开.-(生活环境中有害因素防护丛书)
    
    
    ISBN 7-5025-2791-5:CNY10.00
    
●
相关链接 在E读中查询图书 在五车中查询图书 在当当中查询图书 在豆瓣中查询图书


正题名:动物毒素与有害植物     索取号:R595/57         预约/预借

序号 登录号 条形码 馆藏地/架位号 状态 备注
1 0300838   203008388   第三借阅区/ [索取号:R595/57] 在馆    
2 0300839   203008397   第三借阅区/ [索取号:R595/57] 在馆    
3 0300840   203008404   第三借阅区/ [索取号:R595/57] 在馆    
4 0300841   203008413   第三借阅区/ [索取号:R595/57] 在馆    
5 0300842   203008422   第三借阅区/ [索取号:R595/57] 在馆    
6 0300843   203008431   第三借阅区/ [索取号:R595/57] 在馆    
唐山师范学院图书馆 欢迎您!
大连网信软件有限公司© 版权所有